[Event "Chigorin Memorial 28th"]
[Site "St Petersburg"]
[Date "2021.10.30"]
[Round "8"]
[White "Nurgaliyeva, Zarina"]
[Black "Volkov, Roman"]
[Result "1/2-1/2"]
[WhiteElo "1949"]
[BlackElo "2163"]
[PlyCount "120"]
[EventDate "2021.10.23"]
[EventType "swiss"]
[EventRounds "9"]
[EventCountry "RUS"]
[SourceTitle "EXT 2023"]
[Source "ChessBase"]
[SourceDate "2022.10.05"]
[SourceVersion "1"]
[SourceVersionDate "2022.10.05"]
[SourceQuality "1"]

1. e4 e5 2. Nf3 Nc6 3. Nc3 g6 4. d4 exd4 5. Nd5 Bg7 6. Bg5 Nce7 7. Nxd4 c6 8. Nc3 h6 9. Bh4 d5 10. exd5 Qb6 11. Nb3 Qb4 12. Bxe7 Nxe7 13. dxc6 0-0 14. Bd3 Bxc3+ 15. bxc3 Qxc3+ 16. Qd2 Qxd2+ 17. Kxd2 Nxc6 18. Kc3 b6 19. Rad1 Be6 20. Kb2 Na5 21. Ba6 Rad8 22. f3 Nc4+ 23. Bxc4 Bxc4 24. Rhe1 Rxd1 25. Rxd1 Be6 26. Nd4 Rd8 27. c3 Rd7 28. Re1 Bc4 29. a4 Kg7 30. g3 Kf6 31. f4 Rd5 32. Ka3 Rh5 33. h4 Rc5 34. g4 Bd5 35. Re3 Kg7 36. Rd3 Rc4 37. Re3 Kf8 38. g5 hxg5 39. hxg5 Kg8 40. f5 gxf5 41. Nxf5 Bc6 42. Kb3 Rc5 43. Ne7+ Kg7 44. Nxc6 Rxc6 45. Re5 Kg6 46. Kb4 Re6 47. Rd5 Re4+ 48. Kb5 Rg4 49. c4 Rxg5 50. Rxg5+ Kxg5 51. Ka6 f5 52. Kxa7 f4 53. Kxb6 f3 54. c5 f2 55. c6 f1Q 56. c7 Qb1+ 57. Ka7 Qc2 58. Kb8 Qb3+ 59. Ka7 Qc4 60. Kb7 Qd5+ 1/2-1/2

[Event "Cheliabinsk Panchenko Memorial op-A"]
[Site "Cheliabinsk"]
[Date "2021.09.17"]
[Round "5"]
[White "Volkov, Roman"]
[Black "Gusev, Mikhail"]
[Result "1-0"]
[WhiteElo "2182"]
[BlackElo "1964"]
[PlyCount "81"]
[EventDate "2021.09.13"]
[EventType "swiss"]
[EventRounds "10"]
[EventCountry "RUS"]
[SourceTitle "CBM 204 Extra"]
[Source "ChessBase"]
[SourceDate "2021.11.30"]
[SourceVersion "1"]
[SourceVersionDate "2021.11.30"]
[SourceQuality "1"]

1. d4 Nf6 2. c4 e6 3. Nc3 Bb4 4. e3 c6 5. Nf3 d6 6. Bd3 Nbd7 7. a3 Bxc3+ 8. bxc3 e5 9. e4 0-0 10. 0-0 Re8 11. Qc2 h6 12. Re1 Qc7 13. a4 d5 14. cxd5 cxd5 15. dxe5 Nxe5 16. Nxe5 Qxe5 17. f4 Qc7 18. e5 Ng4 19. Re2 Qc5+ 20. Kh1 d4 21. h3 Ne3 22. Bxe3 dxe3 23. Rae1 Bd7 24. Rxe3 Qa5 25. f5 Qxa4 26. Qe2 Bc6 27. Rg3 Qh4 28. Rg4 Qxh3+ 29. Kg1 Bxg2 30. Rxg2 f6 31. Qa2+ Kf8 32. Qa3+ Kg8 33. Qb3+ Kf8 34. Qb4+ Kg8 35. Qc4+ Kf8 36. Qc5+ Kg8 37. Qd5+ Kf8 38. Bc4 Qh5 39. Qg8+ Ke7 40. Rxg7+ Kd8 41. Qd5+ 1-0

[Event "St Petersburg Korchnoi Memorial op"]
[Site "St Petersburg"]
[Date "2019.08.17"]
[Round "4"]
[White "Gubajdullin, Alexey"]
[Black "Volkov, Roman"]
[Result "1-0"]
[WhiteElo "2331"]
[BlackElo "2135"]
[PlyCount "83"]
[EventDate "2019.08.14"]
[EventType "swiss"]
[EventRounds "9"]
[EventCountry "RUS"]
[SourceTitle "CBM 192"]
[Source "ChessBase"]
[SourceDate "2019.10.31"]
[SourceVersion "1"]
[SourceVersionDate "2019.10.31"]
[SourceQuality "1"]

1. d4 Nf6 2. Bf4 g6 3. e3 d6 4. Be2 Bg7 5. Nf3 0-0 6. 0-0 b6 7. h3 Bb7 8. a4 a6 9. a5 b5 10. c4 bxc4 11. Bxc4 Nbd7 12. Nc3 e6 13. Qe2 Qe7 14. e4 Nxe4 15. Nxe4 d5 16. Bg5 Qb4 17. Bd3 dxe4 18. Bxe4 Nf6 19. Bxf6 Bxf6 20. Rfc1 Rad8 21. Rc4 Qb5 22. Bxb7 Qxb7 23. Rac1 Qb5 24. Qd2 Rd5 25. Rc5 Rxc5 26. Rxc5 Qb8 27. Qc3 Rd8 28. Rxc7 Qb5 29. Qd2 Kg7 30. b4 Rb8 31. Qf4 Rb7 32. Rxb7 Qxb7 33. Qd6 Be7 34. Qb6 Qc8 35. b5 Qc1+ 36. Kh2 Qf4+ 37. Kh1 Bh4 38. Nxh4 Qxh4 39. d5 Qc4 40. bxa6 Qxd5 41. a7 e5 42. Qb8 1-0

[Event "Voronezh op-A 23rd"]
[Site "Voronezh"]
[Date "2019.06.15"]
[Round "4"]
[White "Volkov, Roman"]
[Black "Tomilova, Elena"]
[Result "1/2-1/2"]
[WhiteElo "2105"]
[BlackElo "2289"]
[PlyCount "127"]
[EventDate "2019.06.12"]
[EventType "swiss"]
[EventRounds "9"]
[EventCountry "RUS"]
[SourceTitle "EXT 2020"]
[Source "ChessBase"]
[SourceDate "2019.10.17"]
[SourceVersion "1"]
[SourceVersionDate "2019.10.17"]
[SourceQuality "1"]

1. e4 e6 2. d4 d5 3. Nc3 Nf6 4. e5 Nfd7 5. Nce2 c5 6. c3 Nc6 7. Nf3 b5 8. Nf4 b4 9. Bb5 Qb6 10. Qa4 Bb7 11. 0-0 a6 12. Bxc6 Bxc6 13. Qd1 Be7 14. h4 h6 15. h5 a5 16. Re1 Qa6 17. Nh2 bxc3 18. bxc3 Qc4 19. Be3 Ba4 20. Qg4 Bc2 21. Qxg7 Rh7 22. Qg8+ Bf8 23. Nxe6 fxe6 24. Qxe6+ Kd8 25. Nf3 Ra6 26. Qh3 Re7 27. Rac1 Bh7 28. a3 Qa4 29. Nh4 Qxa3 30. f4 Be4 31. f5 Rb6 32. Ng6 Rb2 33. Bf2 Rf7 34. e6 Rxf5 35. Bh4+ Rg5 36. Bxg5+ hxg5 37. exd7 Rxg2+ 38. Qxg2 Bxg2 39. Nxf8 Be4 40. Rc2 c4 41. Ne6+ Kxd7 42. Nc5+ Kc6 43. Nxe4 dxe4 44. Rxe4 Qb3 45. Re6+ Kd7 46. Ree2 Qb8 47. Kg2 Qf4 48. Ra2 Qg4+ 49. Kf2 Qh4+ 50. Kg2 Qxh5 51. Re5 Qg4+ 52. Kh2 Qh4+ 53. Kg2 a4 54. Rd5+ Ke6 55. Re5+ Kd6 56. Rf2 Qg4+ 57. Kh2 Qh4+ 58. Kg2 g4 59. Rff5 Qh3+ 60. Kg1 Qg3+ 61. Kh1 Qxc3 62. Rf6+ Kc7 63. Rf7+ Kd8 64. Rf8+ 1/2-1/2

[Event "Moscow op-A 15th"]
[Site "Moscow"]
[Date "2019.01.27"]
[Round "2"]
[White "Volkov, Roman"]
[Black "Utiatskaja, Irina"]
[Result "1-0"]
[WhiteElo "2085"]
[BlackElo "2246"]
[PlyCount "71"]
[EventDate "2019.01.26"]
[EventType "swiss"]
[EventRounds "9"]
[EventCountry "RUS"]
[SourceTitle "CBM 188 Extra"]
[Source "ChessBase"]
[SourceDate "2019.02.26"]
[SourceVersion "1"]
[SourceVersionDate "2019.02.26"]
[SourceQuality "1"]

1. d4 Nf6 2. c4 g6 3. Nc3 Bg7 4. e4 d6 5. Nf3 0-0 6. Be2 Na6 7. 0-0 e5 8. Re1 Bg4 9. Be3 exd4 10. Nxd4 Bxe2 11. Rxe2 Ng4 12. Bc1 Ne5 13. b3 Nc5 14. f3 Nc6 15. Be3 Ne6 16. Nxc6 bxc6 17. Rc1 c5 18. Rd2 Re8 19. Nd5 a5 20. f4 Nd4 21. Bxd4 Bxd4+ 22. Rxd4 cxd4 23. Qxd4 Re6 24. f5 Re5 25. f6 Qd7 26. Qe3 g5 27. Qf3 Kh8 28. Rc3 Rae8 29. Ne7 Qe6 30. Re3 a4 31. h3 axb3 32. axb3 Ra8 33. Qh5 Ra1+ 34. Kh2 Rxe4 35. Qh6 Qe5+ 36. Rg3 1-0

[Event "Chigorin Memorial 26th"]
[Site "St Petersburg"]
[Date "2018.11.04"]
[Round "9"]
[White "Kombar, Mariya"]
[Black "Volkov, Roman"]
[Result "0-1"]
[WhiteElo "1851"]
[BlackElo "2070"]
[PlyCount "74"]
[EventDate "2018.10.27"]
[EventType "swiss"]
[EventRounds "9"]
[EventCountry "RUS"]
[SourceTitle "CBM 187 Extra"]
[Source "ChessBase"]
[SourceDate "2018.11.04"]
[SourceVersion "1"]
[SourceVersionDate "2018.11.04"]
[SourceQuality "1"]

1. e4 c5 2. Nf3 e6 3. d4 cxd4 4. Nxd4 a6 5. Nc3 b5 6. a3 Bb7 7. f3 Qc7 8. Be3 Nf6 9. Qd2 d5 10. exd5 Nxd5 11. Nxd5 Bxd5 12. 0-0-0 Nc6 13. Nxc6 Qxc6 14. Bd4 Rc8 15. Kb1 b4 16. b3 bxa3 17. Bd3 Rb8 18. Ka1 Bb4 19. c3 Bc5 20. Bxg7 Rg8 21. Be5 Bd6 22. Bg3 Rxg3 23. hxg3 Be5 24. Bc4 Bxc4 25. f4 Bf6 26. Rh6 Bxb3 27. Rc1 Ke7 28. g4 Bd5 29. Rxf6 Kxf6 30. c4 Be4 31. Qc3+ Ke7 32. g5 Qb6 33. Qf6+ Ke8 34. Qh8+ Kd7 35. Rd1+ Kc6 36. Qe5 Qb2+ 37. Qxb2 axb2+ 0-1

[Event "Chigorin Memorial 26th"]
[Site "St Petersburg"]
[Date "2018.10.29"]
[Round "3"]
[White "Bykov, Oleg1111"]
[Black "Volkov, Roman"]
[Result "1/2-1/2"]
[WhiteElo "2411"]
[BlackElo "2070"]
[PlyCount "150"]
[EventDate "2018.10.27"]
[EventType "swiss"]
[EventRounds "9"]
[EventCountry "RUS"]
[SourceTitle "CBM 187 Extra"]
[Source "ChessBase"]
[SourceDate "2018.11.04"]
[SourceVersion "1"]
[SourceVersionDate "2018.11.04"]
[SourceQuality "1"]

1. d4 Nf6 2. c4 g6 3. Nc3 d5 4. Nf3 Bg7 5. Bf4 0-0 6. e3 c5 7. dxc5 Qa5 8. Rc1 dxc4 9. Bxc4 Qxc5 10. Bb3 Qa5 11. 0-0 Nc6 12. h3 Bf5 13. Qe2 Ne4 14. Nd5 e5 15. Bh2 Rfe8 16. Qc4 Rac8 17. Qa4 Nc5 18. Qxa5 Nxa5 19. Bc2 Be6 20. Nc3 Nc6 21. Rfd1 Red8 22. Ng5 Bc4 23. Nge4 Nxe4 24. Bxe4 f5 25. Bxc6 bxc6 26. b3 Be6 27. Bg3 Bf6 28. Na4 Kf7 29. Nc5 Rxd1+ 30. Rxd1 Bd5 31. e4 fxe4 32. Re1 Rd8 33. Nxe4 Bxe4 34. Rxe4 Rd1+ 35. Kh2 Rd4 36. Re2 Rd5 37. Rc2 c5 38. Rc4 Bd8 39. Ra4 Bb6 40. Ra6 Ke6 41. Bh4 Kd7 42. Bg5 Rd4 43. Be3 Re4 44. Kg3 Kc6 45. Kf3 Rb4 46. Bd2 Rd4 47. Be3 Rb4 48. Ke2 Kb5 49. Ra3 a5 50. f3 Bc7 51. Bd2 Rd4 52. Bc3 Rh4 53. Kf1 Rf4 54. Kf2 e4 55. Bd2 Rf7 56. Ra4 exf3 57. gxf3 Rd7 58. Be3 Be5 59. Ke2 Bf6 60. Rc4 Rd5 61. Re4 Bd4 62. Bxd4 cxd4 63. a3 d3+ 64. Kd2 Rh5 65. h4 Rf5 66. f4 Rh5 67. Re5+ Rxe5 68. fxe5 Kc5 69. a4 Kd5 70. b4 axb4 71. a5 Kd4 72. e6 b3 73. e7 b2 74. e8Q b1Q 75. Qe3+ Kd5 1/2-1/2

[Event "Chigorin Memorial 26th"]
[Site "St Petersburg"]
[Date "2018.10.27"]
[Round "1"]
[White "Timofeev, Artyom"]
[Black "Volkov, Roman"]
[Result "1-0"]
[WhiteElo "2580"]
[BlackElo "2070"]
[PlyCount "97"]
[EventDate "2018.10.27"]
[EventType "swiss"]
[EventRounds "9"]
[EventCountry "RUS"]
[SourceTitle "CBM 187 Extra"]
[Source "ChessBase"]
[SourceDate "2018.11.04"]
[SourceVersion "1"]
[SourceVersionDate "2018.11.04"]
[SourceQuality "1"]

1. e4 e5 2. Nf3 Nc6 3. Nc3 Nf6 4. Bb5 Bd6 5. a3 Nd4 6. Bc4 c6 7. d3 Bc7 8. Be3 Ne6 9. Bxe6 dxe6 10. h3 Nd7 11. b4 Qe7 12. Nd2 0-0 13. 0-0 b6 14. Rb1 Bb7 15. Nc4 Rfd8 16. a4 Rac8 17. Qc1 Bb8 18. Re1 Ba6 19. Nd2 Bb7 20. Qb2 Nf8 21. a5 Nd7 22. axb6 axb6 23. Na4 Bc7 24. Nc4 b5 25. Nc5 bxc4 26. Nxb7 Re8 27. dxc4 Rb8 28. Nc5 Nxc5 29. Bxc5 Bd6 30. Bxd6 Qxd6 31. Red1 Qc7 32. c5 Red8 33. c3 h6 34. Qe2 Ra8 35. g3 Kh7 36. Kg2 g6 37. Rxd8 Rxd8 38. Rd1 Kg7 39. Rd2 Ra8 40. Qd1 Ra7 41. Rd8 Ra3 42. Qd6 Qxd6 43. Rxd6 Ra6 44. Rd8 Ra3 45. Rc8 Ra6 46. c4 Ra4 47. b5 Rxc4 48. b6 Rb4 49. Rxc6 1-0